Statistics for Oblasts of Russia

Click here to take the quiz!

General Stats

  • This quiz has been taken 299 times
  • The average score is 21 of 47

Answer Stats

Federal District Population Note Answer % Correct
Central6,618,538Moscow
81%
Northwestern955,281ExclaveKaliningrad
66%
Volga3,524,028Nizhny Novgorod
63%
Southern2,699,223Borders KazakhstanVolgograd
62%
Northwestern892,534Borders Finland and NorwayMurmansk
61%
Siberian2,079,220Borders KazakhstanOmsk
60%
Northwestern1,669,205Borders Estonia and FinlandLeningrad
56%
Northwestern694,355Novgorod
55%
Southern4,404,013Borders UkraineRostov
55%
Siberian2,692,251Borders KazakhstanNovosibirsk
55%
Northwestern1,336,539Includes Franz Josef Land and Novaya ZemlyaArkhangelsk
54%
Siberian2,581,705Irkutsk
52%
Far Eastern190,915Autonomous OblastJewish Autonomous Oblast
51%
Siberian1,046,039Tomsk
50%
Volga3,239,737Borders KazakhstanSamara
50%
Urals3,603,339Borders KazakhstanChelyabinsk
49%
Far Eastern546,695IslandSakhalin
46%
Northwestern760,810Borders Belarus, Latvia and EstoniaPskov
46%
Central1,049,574Borders BelarusSmolensk
46%
Volga2,668,310Borders KazakhstanSaratov
44%
Far Eastern902,844Borders ChinaAmur
44%
Central1,675,758Tula
43%
Far Eastern182,726Magadan
42%
Central1,367,398Yaroslavl
42%
Central2,378,803Borders UkraineVoronezh
41%
Central1,523,990Vladimir
41%
Southern1,005,276Borders KazakhstanAstrakhan
40%
Central1,235,091Borders UkraineKursk
40%
Volga2,179,551Borders KazakhstanOrenburg
40%
Central1,378,941Borders Ukraine and BelarusBryansk
39%
Central1,471,459Tver
39%
Central1,227,910Ryazan
37%
Central1,511,620Borders UkraineBelgorod
36%
Urals3,264,841Borders KazakhstanTyumen
36%
Central1,148,329Ivanovo
35%
Central1,213,499Lipetsk
35%
Urals4,486,214Sverdlovsk
34%
Volga1,382,811Ulyanovsk
33%
Siberian2,899,142Kemerovo
32%
Volga1,503,529Kirov
32%
Central1,041,641Kaluga
31%
Northwestern1,269,568Vologda
31%
Urals1,019,532Borders KazakhstanKurgan
30%
Central1,178,443Tambov
29%
Volga1,452,941Penza
29%
Central736,641Kostroma
27%
Central860,262Oryol
27%

Score Distribution

Percentile by Number Answered

Percent of People with Each Score

Your Score History

You have not taken this quiz